| 000 | 00596nam a2200169 4500 | ||
|---|---|---|---|
| 008 | 180131b xxu||||| |||| 00| 0 eng d | ||
| 020 | _a0-536-04830-4 | ||
| 082 |
_21985 _a364.7374811 _bP85 |
||
| 100 |
_925928 _aPotter, Gary W. |
||
| 245 |
_aThe city and the syndicate: _borganizing crime in Philadelphia/ _cGary W. Potter and Philip Jenkins. |
||
| 260 |
_aLexington, Massachusetts: _bGinn Press, _c© 1985. |
||
| 300 |
_ax,116 pages: _c25 cm. |
||
| 521 | _aIncludes bibliography. | ||
| 650 | 0 |
_925929 _aOrganized crime _zUnited States |
|
| 700 |
_925930 _aJenkins, Philip _eauthor |
||
| 942 |
_2ddc _cDC |
||
| 999 |
_c8377 _d8377 |
||